|
|
|
|
| LEADER |
01756nam a2200349 a 4500 |
| 001 |
mzk03001075507 |
| 003 |
CZ BrMZK |
| 005 |
20091002090137.0 |
| 007 |
ta |
| 008 |
091002s1693 gw fr|||||00| ||latod |
| 040 |
|
|
|a BOA001
|b cze
|
| 072 |
|
7 |
|a 094
|x Staré tisky
|2 Konspekt
|9 12
|
| 080 |
|
|
|a (0.068)094
|2 MRF
|
| 100 |
1 |
|
|a Archdekin, Richard,
|d 1618-1693
|7 ola20050530001
|4 aut
|
| 245 |
1 |
0 |
|a Apparatus Doctrinae Sacrae :
|b Complectens Materiam et Formam Expeditam, pro quavis Dictione, Concione, & tota Catechesi, per exquisitam expositionem, & selectissima exempla: Cum Praxi solida assistendi per omnia aegris, & sanis: ac documentis particularibus pro quolibet hominum statu: Item pro ipsius sacerdotis vita et cnversatione: Pro ritibus singulorum Sacramentorum: Et pro quacunque Functione Missionarii Apostolici ac Curatoris animarum. Juxta Indicem sequentem.
|n Tomus Tertius /
|c R. P. Richardi Arsdekin Soc. Jesu, Sac. Theol. Professoris
|
| 260 |
|
|
|a Dilingae :
|b Sumptibus Joannis Caspari Bencard, Bibliopolae Academici,
|c 1693
|
| 300 |
|
|
|a [1], 162 s. ;
|c 2°
|
| 500 |
|
|
|a Výzdoba: Nad impresem jezuitský emblém, vlysy, linky z typografických ozdob, iniciály, text tištěn dvousloupcově
|
| 501 |
|
|
|a Přívazek 2 k: Theologia Tripartita Universa ... / Richard Archdekin
|
| 510 |
3 |
|
|a DNB
|
| 655 |
|
7 |
|a staré tisky
|7 fd422076
|2 czenas
|
| 700 |
1 |
|
|a Estrix, Aegidius
|4 oth
|
| 700 |
1 |
|
|a Hoefflach, Antonius
|4 oth
|
| 903 |
|
|
|a RP
|
| 910 |
|
|
|a BOA001
|b CH-0006.160,1,přív.2
|
| 978 |
|
|
|b Bencard, Johann Caspar
|a Augsburg
|c 1693
|
| 984 |
|
|
|a Augsburg
|b Německo
|
| 985 |
|
|
|a 1651-1700
|
| 990 |
|
|
|a BK
|
| 993 |
|
|
|a Y
|
| 991 |
|
|
|k mzk
|
| 994 |
|
|
|a UP
|l MZK03
|b 001075505
|m přívazek 2
|n záznam 1. díla (pro objednání pokračujte kliknutím)
|